| 000 | 01333nam a2200397 c 4500 | ||
|---|---|---|---|
| 003 | BLK | ||
| 005 | 20250329121426.0 | ||
| 008 | 180408b bul|||||r ||||||| ||bul|| | ||
| 010 | _aKNG00085868000 | ||
| 020 |
_a954-91804-3-3 _bиздат.: Аделфи |
||
| 040 | _aBLK | ||
| 041 |
_aBUL _cBUL |
||
| 080 |
_aДинозаври _b568.1 _x _z568.1 |
||
| 080 |
_aИздания за деца и юноши. Книжки-картинки. Читанки. Вж и 372.4 _b087.5 _x _z087.5 |
||
| 700 | 1 |
_aУайт, Ани _eил. _9300059 |
|
| 139 |
_aДинозаврите _bД 62 |
||
| 245 | 1 | 0 |
_aДинозаврите _bКн. с шаблони _cил. Ани Уайт. |
| 257 | _aGBR | ||
| 260 |
_аСофия _bАделфи _c2007 |
||
| 300 |
_a20 с. _bс цв. ил. _c22 см |
||
| 380 | _a5 | ||
| 500 | _aБез сведение за ориг. загл. | ||
| 590 | _aф | ||
| 650 | 4 |
_aДинозаври _9153483 |
|
| 653 | _aдинозаври | ||
| 653 | _aкнижки-картинки | ||
| 653 | _aшаблони | ||
| 653 | _aлитература за деца | ||
| 653 | _aдетска литература | ||
| 852 | _aЦб 241492 | ||
| 856 | 4 |
_qpdf _u |
|
| 856 | 4 |
_qpdf _u |
|
| 942 |
_cKNG _n0 _025 |
||
| 944 |
_aCR _c09.10.2008 _k30564 _lАнна Гръцманова |
||
| 944 |
_aED _c04.11.2008 _k |
||
| 999 |
_c81365 _d81365 |
||